Suomen pääministerit - äkkikuolema - Statistics

Yleistilastot
  • Tätä visaa on pelattu 180 kertaa
    179 viimeisimmän päivityksen jälkeen
  • Keskiarvotulos 9 / 16
Answers on the Grid
Answers color-coded by a green-red scale on the quiz's grid according to % correct below.
Alexander Stubb
Sauli Niinistö
Tarja Halonen
Martti Ahtisaari
Mauno Koivisto
Urho Kekkonen
C.G.E. Mannerheim
Eero Heinäluoma
Harri Holkeri
Paavo Väyrynen
Sanna Marin
Mauri Pekkarinen
Matti Vanhanen
Anneli Jäätteenmäki
Petteri Orpo
K.-A. Fagerholm
Erkki Tuomioja
Sakari Tuomioja
Paavo Lipponen
Elisabeth Rehn
Pekka Haavisto
Esko Aho
Jan Vapaavuori
Juha Sipilä
Jyri Häkämies
Jyrki Katainen
Olli Rehn
Veikko Vennamo
Iiro Viinanen
Mari Kiviniemi
Antti Rinne
Antti Kaikkonen
 
Vastaustilastot
Vastaus % Oikein
Alexander Stubb
84%
Sanna Marin
68%
Petteri Orpo
64%
Matti Vanhanen
63%
Anneli Jäätteenmäki
58%
Antti Rinne
58%
Paavo Lipponen
57%
Juha Sipilä
55%
Esko Aho
54%
Harri Holkeri
54%
Mauno Koivisto
54%
Jyrki Katainen
52%
Mari Kiviniemi
50%
Urho Kekkonen
48%
K.-A. Fagerholm
39%
Sakari Tuomioja
29%
Ehtoja vastaavia visoja ei löytynyt
Tulosjakauma
Jokaisen tuloksen saaneiden osuus
Persentiili vastausten määrän mukaan
Tuloshistoriasi
Et ole pelannut tätä visaa sen viimeisimmän päivityksen jälkeen